[Event "Bonn GSK-2"]
[Site "Bonn"]
[Date "1995.??.??"]
[Round "6"]
[White "Gurevich, Mikhail"]
[Black "Seul, Georg"]
[Result "1-0"]
[WhiteElo "2585"]
[BlackElo "2430"]
[Annotator "Gurevich,M"]
[PlyCount "99"]
[EventDate "1995.??.??"]
[EventType "tourn"]
[EventRounds "11"]
[EventCountry "GER"]
[EventCategory "7"]
[SourceTitle "EXT 1997"]
[Source "ChessBase"]
[SourceDate "1996.11.15"]
[SourceVersion "1"]
[SourceVersionDate "1996.11.15"]
[SourceQuality "1"]

1. d4 d5 2. c4 c6 3. Nf3 Nf6 4. Nc3 a6 5. Ne5 Nbd7 (5... g6 {-63(328)}) 6. Bf4
e6 7. e3 Nxe5 8. Bxe5 Bd6 9. Bxd6 Qxd6 10. c5 Qc7 {TN} (10... Qe7 {-61(382)})
11. f4 b6 12. cxb6 Qxb6 13. Qd2 a5 {[/\14...Ba6=]} (13... Rb8 14. Na4 Qb4 15.
Qxb4 Rxb4 16. b3 $14) 14. Na4 Qb4 15. Nc5 (15. Qxb4 axb4 16. Nc5 Ke7 $13 {
(/\17...Bd7,18...Rhb8)} (16... Nd7 $6 17. Nd3 b3 18. a3 Ba6 19. Rc1 $14)) 15...
Qxd2+ 16. Kxd2 Nd7 17. Rc1 Nxc5 18. Rxc5 Kd7 19. Bd3 Ba6 $6 (19... Kd6 20. Rhc1
Bd7 21. R1c3 Ra7 $14) 20. Bc2 $1 Rhb8 21. Rxa5 Rxb2 {[#]} 22. Ra3 $1 {[/\23.
Rb1]} (22. Rb1 $2 Rxc2+ $1 23. Kxc2 Bd3+ 24. Kxd3 Rxa5 $10) 22... Rbb8 23. Rb1
Bb5 24. Rxa8 Rxa8 25. a4 Ba6 26. g4 $5 {[/\g4-g5,h2-h4-h5|^>>]} c5 27. h4 h6
28. Rb6 cxd4 29. exd4 Kc7 30. Rb1 Bb7 31. Kc3 Ra6 32. Rb5 Bc6 (32... Rc6+ 33.
Rc5 Rxc5+ 34. dxc5 f6 35. Kd4 $16) 33. Rc5 Kd6 34. a5 $16 {[/\35.Bd3,36.a6,
Kc3-b4-a5]} Ra8 35. Bd3 f6 36. Bb5 $2 $138 (36. Kb4 Rb8+ (36... e5 37. fxe5+
fxe5 38. dxe5+ $18) 37. Bb5 $1 $18) 36... Bxb5 37. Rxb5 Rc8+ 38. Kd3 Rc1 $14
39. Rb6+ Kd7 40. Rb7+ Kc6 41. Rxg7 Rh1 $1 42. a6 (42. h5 Kb5 43. Rg6 f5 $132)
42... Rxh4 43. a7 Rh3+ 44. Kc2 Ra3 45. Kb2 Ra4 46. Kb3 Ra1 47. Re7 Kd6 $4 (
47... Kb5 $1 $14 48. Rxe6 Rxa7 49. Rxf6 Rg7 50. Rd6 (50. Rxh6 Rxg4 $10) 50...
Rxg4 51. Rxd5+ Kc6 52. Rf5 h5 $14) 48. Rf7 $18 Kc6 (48... f5 49. g5 $18) (48...
Ra6 49. Kb4 Ra1 50. Kb5 $18) 49. Rxf6 Rxa7 50. Rxe6+ (50. Rxe6+ Kb5 51. Rxh6
Re7 52. Rh3 $1 $18) 1-0

[Event "Bundesliga 9900"]
[Site "Germany"]
[Date "2000.04.09"]
[Round "15.2"]
[White "Gurevich, Mikhail"]
[Black "Slobodjan, Roman"]
[Result "1-0"]
[WhiteElo "2643"]
[BlackElo "2550"]
[Annotator "Gurevich,M"]
[PlyCount "69"]
[EventDate "1999.10.09"]
[EventType "team-tourn"]
[EventRounds "15"]
[EventCountry "GER"]
[SourceTitle "CBM 076"]
[Source "ChessBase"]
[SourceDate "2000.05.31"]
[SourceVersion "1"]
[SourceVersionDate "2000.05.31"]
[SourceQuality "1"]
[WhiteTeam "Godesberg"]
[BlackTeam "Magdeburg"]
[WhiteTeamCountry "GER"]
[BlackTeamCountry "GER"]

1. d4 d5 2. c4 c6 3. Nf3 Nf6 4. e3 a6 5. Nc3 b5 6. cxd5 cxd5 7. Bd3 Bg4 8. e4
dxe4 $5 {TN} (8... e6 {-61/385}) 9. Nxe4 Nc6 (9... e6 10. O-O Nc6 11. Nxf6+
Qxf6 12. Be4 $36) 10. Nxf6+ exf6 11. Be4 Rc8 12. O-O $5 Bd6 (12... Bxf3 13.
Bxf3 Nxd4 14. Re1+ (14. Bb7 $5) 14... Be7 15. Bg4 $44 f5 16. Bg5 f6 (16... Ne6
17. Bxe7 Qxd1 18. Raxd1 fxg4 19. Bb4 $36) 17. Bh5+ Kf8 18. Rc1 $1 $36) 13.
Bxc6+ $6 (13. h3 Bh5 (13... Bxf3 14. Bxf3 Nxd4 15. Bb7 (15. Re1+ Be5 16. Bg4
Nc2 17. Bxc8 Qxc8 18. Bf4 Nxe1 $15) 15... Rc7 16. Re1+ $36) 14. Bf5 Rc7 15.
Re1+ $36) 13... Rxc6 14. Re1+ Be7 15. Bf4 Qd5 $1 {[/\ 16...Be6]} (15... O-O 16.
d5 Rb6 17. h3 $16) (15... Be6 16. d5 Qxd5 (16... Bxd5 17. Nd4 $40) 17. Nd4 Rc4
18. Nxe6 fxe6 19. Qxd5 exd5 20. Bd6 Re4 21. f3 $1 $14) 16. a4 Re6 (16... b4 $5
$13 17. Rxe7+ $2 Kxe7 18. Qe1+ Kd7 19. Qxb4 Bxf3 20. gxf3 Rhc8 $19) 17. axb5
axb5 18. Ra7 Bb4 $1 19. Rxe6+ Bxe6 $15 {[ /\ 20...0-0. 21...Bg4 ]} 20. Ne1 $1 {
[/\Ne1-c2-e3 <=>]} Bc5 (20... O-O $5 21. Nc2 Bc5 (21... Qb3 22. Ra1 Be7 23. Ne3
$11) 22. Ra5 Bb6 23. Ra6 Qb7 24. Nb4 Rd8 $15) 21. Ra1 $1 Bxd4 $6 (21... Bb6 22.
Nc2 O-O 23. Qd2 $15) 22. Nc2 Be5 $2 $138 (22... Bb6 23. Qxd5 Bxd5 24. Be3 $1
$132) (22... Bxb2 23. Qxd5 Bxd5 24. Rb1 Be5 25. Bxe5 Be4 $1 (25... fxe5 26.
Rxb5 $18) 26. Rxb5 Kd7 $1 $11 (26... O-O 27. Bd6 $16)) 23. Qxd5 Bxd5 24. Bxe5
fxe5 {[#]} 25. Nb4 $1 $36 Bb7 (25... Be4 26. f3 Bb7 27. Ra7 Bc8 28. Nc6 $16)
26. Ra7 Bc8 27. Nc6 $1 {[/\ 28.Ne7]} e4 $2 (27... h5 $1 28. Re7+ (28. Ne7 Rh6
$3 29. Nxc8 Rc6 30. Re7+ Kf8 31. g3 $11) 28... Kf8 29. Rc7 Be6 30. Nxe5 $14) (
27... O-O 28. Ne7+ Kh8 29. Ra8 $18) 28. Ne7 $1 $18 Bd7 29. Ra8+ Kxe7 30. Rxh8
h6 31. Kf1 Be8 32. Ke2 f5 33. Ke3 Kf7 34. Kf4 g6 35. Ke5 1-0

[Event "EU-ch 4th"]
[Site "Istanbul"]
[Date "2003.06.01"]
[Round "3"]
[White "Halkias, Stelios"]
[Black "Gurevich, Mikhail"]
[Result "0-1"]
[WhiteElo "2542"]
[BlackElo "2635"]
[Annotator "Gurevich,M"]
[PlyCount "62"]
[EventDate "2003.05.30"]
[EventType "swiss"]
[EventRounds "13"]
[EventCountry "TUR"]
[SourceTitle "CBM 096"]
[Source "ChessBase"]
[SourceDate "2003.09.25"]
[SourceVersion "1"]
[SourceVersionDate "2003.09.25"]
[SourceQuality "1"]

1. Nf3 d5 2. c4 c6 3. d4 e6 4. Nc3 dxc4 5. e3 b5 6. a4 b4 (6... Bb4 7. Bd2 a5
8. axb5 Bxc3 9. Bxc3 cxb5 10. b3 Bb7 11. bxc4 b4 12. Bb2 Nf6 13. Bd3 O-O 14.
O-O Nbd7 15. Re1 Ne4 16. c5 Qc7 17. Bb5 Bc6 18. Ba4 Ra6 19. Qc2 Rfa8 20. Rec1
Bxa4 21. Qxa4 Ndf6 $132 {1-0 Svetushkin,D-Krasenkow,M/Istanbul TUR 2003/The
Week in Chess 448 (50)}) 7. Nb1 Ba6 (7... Nf6 8. Bxc4 Nbd7 9. O-O Bb7 10. Nbd2
c5 11. e4 cxd4 12. e5 Ng4 13. Re1 Qc7 14. Bb5 a6 15. Bxd7+ Qxd7 16. Nc4 Bc5 17.
Qd3 O-O 18. h3 Nh6 19. Bxh6 gxh6 20. Nfd2 Kh8 21. Ne4 Bxe4 22. Rxe4 Qd5 {
1/2-1/2 Ivanov,J-Kharlov,A/Linares ESP 2003/The Week in Chess 434 (22)}) 8. Be2
(8. Qc2 Qa5 9. Bd2 Nf6 10. Bxc4 Bxc4 11. Qxc4 Qa6 12. Qxa6 Nxa6 13. Ke2 c5 14.
Rc1 Nd7 15. Be1 Be7 16. Nbd2 O-O 17. Rc2 Rfb8 {1/2-1/2 Ruderfer,M-Rabinovich,A/
ISR 2002/The Week in Chess 391 (17)}) (8. Nbd2 $5) 8... c5 $5 {TN} 9. O-O (9.
Ne5 Nd7 10. Nxc4 (10. Bxc4 Bxc4 11. Nxc4 Ngf6 $132) 10... Ngf6 11. O-O cxd4 $13
) 9... Nf6 10. Nbd2 c3 11. bxc3 bxc3 12. Nb1 cxd4 (12... Bxe2 13. Qxe2 Qa5 14.
Qb5+ $36) 13. Nxd4 Bb4 14. Bb5+ $1 (14. Ba3 Bxa3 15. Rxa3 e5 $5 $132) 14...
Bxb5 15. axb5 O-O 16. Qb3 a5 17. Nxc3 e5 18. Nc2 Bxc3 $5 (18... Be7 19. Rd1
Nbd7 20. Ba3 $14) 19. Qxc3 Nbd7 $11 20. Ba3 Re8 21. Rfd1 Qb6 22. Rab1 Rac8 23.
Qb2 $6 (23. Qd3 Nc5 24. Bxc5 Rxc5 25. Na3 $11) 23... h6 (23... Qb7 $1 {
(텤d7-b6-c4)}) 24. Ne1 Qb7 $5 25. Nf3 Nb6 26. Qa1 (26. Nxe5 $1 Na4 27. Qb3 Nc3
28. Nc4 Nfe4 29. Nxa5 Qb6 (29... Qc7 30. Nc6 $13) 30. Rd7 Qf6 31. Rb2 Nxb5 $132
) 26... Nc4 27. Bb2 $138 (27. Nd2 $142 Nxd2 28. Rxd2 Ne4 $15) 27... Rc5 $17 28.
Rbc1 Nd7 29. Nxe5 $2 (29. Qa2 Qxb5 30. Ba1 Rec8 $17) 29... Ndxe5 30. Bxe5 Rexe5
31. Rxc4 Rg5 0-1

[Event "Nord West Cup 12th"]
[Site "Bad Zwischenahn"]
[Date "2010.02.21"]
[Round "6"]
[White "Manolache, Marius"]
[Black "Schneider, Ilja"]
[Result "1-0"]
[WhiteElo "2539"]
[BlackElo "2499"]
[Annotator "Gutman,L"]
[PlyCount "49"]
[EventDate "2010.02.18"]
[EventType "swiss"]
[EventRounds "7"]
[EventCountry "GER"]
[SourceTitle "EXT 2011"]
[Source "ChessBase"]
[SourceDate "2010.11.26"]
[SourceVersion "1"]
[SourceVersionDate "2010.11.26"]
[SourceQuality "1"]

1. d4 d5 2. c4 c6 3. Nc3 Nf6 4. Nf3 a6 5. h3 e6 6. c5 b6 7. cxb6 Nbd7 8. e3 ({
In Manolasche-Schneider, Werther 2009, folgte} 8. Bd2 Qxb6 9. Na4 Qa7 $6 ({
meines Erachtens ist} 9... Qc7 $5 {vorzuziehen, mit Ausgleich nach} 10. Rc1 Bd6
11. e3 O-O 12. Qc2 Bb7 13. Bd3 a5 14. O-O Ba6 $11) 10. Rc1 Bb7 11. e3 Ne4 12.
Ba5 c5 13. Bd3 (13. dxc5 Nexc5 14. Nxc5 Bxc5 15. Qa4 Rc8 16. Ne5 {scheitert an}
O-O 17. Qxd7 Bxe3 18. Rxc8 Bxf2+ 19. Kd1 Qd4+ 20. Bd3 Bxc8 21. Qd6 Qa4+ 22. Ke2
Qxa5 23. Bxh7+ Kxh7 24. Qxf8 d4 25. Kxf2 Qxe5 26. Qxc8 Qe3+ $11 {mit
Dauerschach}) 13... Be7 14. O-O O-O 15. b4 cxb4 16. Rc7 Rfd8 {, wonach} 17. Ne5
Nxe5 18. dxe5 Re8 19. Bxe4 dxe4 20. Nb6 Rab8 21. Qa4 $16 {Weiß klaren Vorteil
versprach.}) 8... Qxb6 ({Auch das sofortige} 8... c5 $5 {kommt in Betracht,} 9.
Bd3 ({oder} 9. Na4 cxd4 10. Qxd4 Bd6 11. Bd2 O-O $11) 9... Bb7 10. O-O Be7 11.
b3 ({auf} 11. Na4 {käme} c4 12. Bc2 O-O $11) 11... O-O 12. Bb2 ({kaum besser
wäre} 12. Na4 cxd4 13. exd4 Nxb6 14. Nc5 Bxc5 15. dxc5 Nbd7 $11 {gewesen})
12... cxd4 13. exd4 Qxb6 $11 {mit Ausgleich, Cramling-Houska, Gibraltar 2009.})
9. Bd3 c5 10. Na4 Qa7 ({Nichts spricht gegen} 10... Qc7 $5 11. O-O c4 12. Bc2
Bd6 13. b3 cxb3 14. axb3 Bb7 15. Bd2 Bc6 16. Bd3 O-O {und Schwarz kann sich
gut behaupten.}) 11. O-O c4 ({Schneider verfolgt seinen eigenen Weg. In
Stocek-Movsesian, Tschechische Liga 2004, geschah} 11... Be7 12. dxc5 Nxc5 13.
Nxc5 Qxc5 14. b3 O-O 15. Bb2 Bd7 16. Ne5 Bb5 17. Rc1 Qb6 $11 {mit Ausgleich.})
12. Bc2 Bd6 13. b3 cxb3 14. axb3 Bb7 15. Bd2 Bc6 16. Bd3 O-O ({Vorzuziehen war
} 16... Qb7 17. Qe2 Ne4 18. Rfc1 O-O 19. b4 Nxd2 20. Qxd2 Bxb4 21. Bxh7+ Kxh7
22. Qc2+ Kg8 23. Qxc6 Rab8 $11 {und Schwarz steht nicht schlechter.}) 17. b4 e5
({Nach} 17... Bb5 18. Qe2 Nb6 19. Nc5 Nc4 20. Bc3 Qe7 21. Ne5 Bxe5 22. dxe5 Nd7
23. Nxd7 Qxd7 24. Bd4 $14 {behält Weiß mehr vom Spiel.}) 18. Nc5 $2 ({Die
richtige Reaktion wäre} 18. dxe5 Nxe5 19. Nxe5 Bxe5 20. Rc1 Rfc8 21. Nc5 Ne4
22. Bxa6 Rd8 23. Bd3 $14 {mit etwas Plus für vWeiß gewesen.}) 18... Bxc5 $6 ({
Warum nicht} 18... e4 $5 {Nach} 19. Ne5 ({fraglich wäre} 19. Rxa6 {wegen} Qc7
20. b5 Nb8 $15) 19... Nxe5 20. dxe5 Bxe5 21. Rxa6 Qc7 22. Be2 Rxa6 23. Nxa6 Qb6
24. Nc5 $11 {bleibt das Gleichgewicht bestehen.}) 19. Nxe5 Nxe5 20. dxe5 Nd7 $6
({Zu überlegen war} 20... Ne4 21. Rxa6 Qc7 22. Rxa8 Rxa8 23. bxc5 Qxe5 24. Bxe4
dxe4 25. Bb4 f6 26. Qd6 Qxd6 27. cxd6 Kf7 {mit guten Remischancen dank
verschiedenfarbiger Läufer.}) 21. Rxa6 Qc7 22. Rxa8 Bxa8 $6 ({Das kleinere
Übel wäre} 22... Rxa8 23. bxc5 Nxc5 24. Bc3 Ba4 25. Qb1 Nxd3 26. Qxd3 Qc4 27.
Qd2 Rc8 28. Bd4 Bd7 29. Rb1 Be6 $14 {gewesen.}) 23. bxc5 Nxe5 24. Bc2 Nc4 $2 ({
Hartnäckiger erscheint} 24... Re8 {, wenn auch nach} 25. Qb1 Qxc5 26. Bxh7+ Kh8
27. Rc1 Qd6 28. Bf5 g6 29. Bb4 Qf6 30. Bd7 $5 Nxd7 31. Bc3 Ne5 32. f4 $16 {
Weiß klar überlegen steht.}) 25. Bc3 1-0

[Event "Utrecht OKU op"]
[Site "Utrecht"]
[Date "2005.06.12"]
[Round "6"]
[White "Inkiov, Ventzislav"]
[Black "Gurevich, Mikhail"]
[Result "1-0"]
[WhiteElo "2495"]
[BlackElo "2634"]
[Annotator "Gutman,L"]
[PlyCount "63"]
[EventDate "2005.06.10"]
[EventType "swiss"]
[EventRounds "6"]
[EventCountry "NED"]
[SourceTitle "CBM 106 Extra"]
[Source "ChessBase"]
[SourceDate "2005.07.01"]
[SourceVersion "1"]
[SourceVersionDate "2005.07.01"]
[SourceQuality "1"]

1. d4 d5 2. c4 c6 3. Nf3 Nf6 4. Nc3 e6 5. e3 a6 6. a4 c5 7. Bd3 Nc6 8. O-O Be7
9. b3 O-O 10. Bb2 b6 11. Qe2 cxd4 (11... Bb7 12. Rad1 Qc7 13. Bb1 (13. cxd5
exd5 14. Bb1 Rfd8 15. Ne5 Na5 16. f4 c4 17. bxc4 Nxc4 18. Rc1 b5 {Hermersmann-
Przybylski, Wichern Open 2001})) 12. exd4 Nb4 13. Bb1 Bb7 14. Ne5 Qc7 ({
Schwarz spielt auf Gewinn und vermeidet Vereinfachungen nach} 14... Nc6 $5 15.
cxd5 (15. Rd1 Rc8) 15... exd5 16. Nxc6 Bxc6 17. Re1 Bd6) 15. f4 Rfe8 {Eine
riskante Strategie.} (15... Nc6 {war angebracht.}) 16. f5 Bd6 17. fxe6 Rxe6 18.
Nxd5 Nbxd5 19. cxd5 Bxd5 20. Bf5 Ree8 21. Bd3 Qb7 22. Rxf6 $1 {Die Bestrafung!}
gxf6 23. Qg4+ Kf8 24. Nd7+ Ke7 25. Re1+ Kd8 26. Rxe8+ Kxe8 27. Nxf6+ Kd8 28.
Qg5 Bxb3 29. Be4 Qc8 30. Nd5+ Ke8 31. Qg8+ Bf8 32. Ba3 1-0

[Event "DEN-ch"]
[Site "Odense"]
[Date "1994.??.??"]
[Round "4"]
[White "Nielsen, Peter Heine"]
[Black "Schandorff, Lars"]
[Result "1/2-1/2"]
[WhiteElo "2475"]
[BlackElo "2430"]
[Annotator "Hansen,LB"]
[PlyCount "108"]
[EventDate "1994.07.??"]
[EventType "tourn"]
[EventRounds "9"]
[EventCountry "DEN"]
[EventCategory "10"]
[SourceTitle "CBM 041"]
[Source "ChessBase"]
[SourceDate "1994.08.01"]
[SourceVersion "1"]
[SourceVersionDate "1994.08.01"]
[SourceQuality "1"]

1. Nf3 d5 2. d4 Nf6 3. c4 c6 4. Nc3 a6 5. a4 e6 6. g3 dxc4 7. Bg2 c5 8. O-O Nc6
$1 {Maybe even stronger than the also reasonable 8.-,cd4.} (8... cxd4 9. Nxd4
Bc5 10. Be3 Qe7 11. Nc2 O-O 12. a5 Nc6 13. Na4 Bxe3 14. Nxe3 Rd8 15. Qe1 Nd4
16. Nb6 Rb8 17. Rd1 e5 18. Nexc4 Bg4 19. Rd2 e4 $15 {Kamsky,G-Bareev,E/Linares/
1994/}) 9. dxc5 (9. Ne5 $5 {Shirov} Na5 $1 10. dxc5 Qxd1 11. Rxd1 Bxc5 $13 {
Lukacs/Hazai}) 9... Qxd1 10. Nxd1 $5 Bxc5 11. Be3 Bb4 $1 {>< Nd1} 12. Rc1 e5
$15 13. Nd2 Bg4 $1 14. f3 Be6 15. Nxc4 O-O 16. f4 exf4 17. gxf4 Bd5 $1 {
>< <-> e} 18. Nb6 Bxg2 19. Kxg2 Rad8 20. Rc4 Rfe8 $17 21. Kf3 Ba5 22. Bg1 Rd2
23. Be3 Rd6 (23... Rxe3+ $1 24. Nxe3 (24. Kxe3 Ng4+ $19) 24... Bxb6 25. Rxc6 $1
bxc6 26. Nc4 Rc2 27. Nxb6 Rxb2 $19 {Aagaard}) 24. Bc5 Rde6 25. b4 Bxb6 26. Bxb6
Nd7 27. Bc7 b5 28. axb5 axb5 29. Rc3 Nd4+ 30. Kg2 Rxe2+ $19 31. Nf2 Nf5 32.
Rfc1 h6 33. Rd3 Nf6 34. Rc5 Ne4 35. Rxf5 Nxf2 $2 $138 (35... Rxf2+ 36. Kh3 (36.
Kg1 Rb2 $19 {>< Kg1}) 36... Rb2 $19) 36. Rd8 $1 {>< b5} Nd3+ 37. Kg1 Re1+ 38.
Kg2 R1e2+ 39. Kg1 Re1+ 40. Kg2 Rxd8 41. Bxd8 Re4 42. Rxb5 Rxf4 43. Ba5 Rf2+ 44.
Kg3 Ra2 45. h4 $1 Ra3 46. Kg2 Kh7 47. h5 $1 g6 48. hxg6+ Kxg6 49. Bc7 $10 Ra7
50. Bg3 f5 51. Ra5 Rb7 52. b5 f4 53. Ra3 $1 Rd7 54. Bf2 Nxf2 1/2-1/2

[Event "RUS-chT 05th"]
[Site "Maikop"]
[Date "1998.06.04"]
[Round "2"]
[White "Belozerov, Andrei"]
[Black "Shovunov, Baatr"]
[Result "1/2-1/2"]
[WhiteElo "2460"]
[BlackElo "2475"]
[Annotator "Hecht,H"]
[PlyCount "67"]
[EventDate "1998.06.03"]
[EventType "team-tourn"]
[EventRounds "11"]
[EventCountry "RUS"]
[SourceTitle "CBM 066"]
[Source "ChessBase"]
[SourceDate "1998.09.30"]
[SourceVersion "1"]
[SourceVersionDate "1998.09.30"]
[SourceQuality "1"]
[WhiteTeam "Tomsk 400"]
[BlackTeam "Elista Uralan"]
[WhiteTeamCountry "RUS"]
[BlackTeamCountry "RUS"]

1. Nf3 d5 2. c4 c6 3. d4 Nf6 4. Nc3 a6 5. c5 Bf5 6. Qb3 Qc8 7. Bf4 h6 8. e3 e6
9. O-O-O Nbd7 10. Bd3 Bxd3 11. Rxd3 Ne4 12. Qc2 Be7 13. Ne5 Nxe5 14. Bxe5 Nxc3
15. Rxc3 Bf6 16. Bxf6 gxf6 17. e4 Qd7 18. Rf3 dxe4 19. Qxe4 O-O-O 20. Rxf6 Qxd4
21. Qxd4 Rxd4 22. Rxf7 Rc4+ 23. Kb1 Rxc5 24. Rd1 Rd5 25. Rxd5 exd5 {[#] Die
weißen Bauern erscheinen gefährlicher. Schwarz rettet sich mit Spiel gegen den
weißen König.} 26. g4 Re8 27. h4 Re4 28. f3 Re2 29. g5 hxg5 30. hxg5 Rg2 31.
Rg7 d4 32. g6 d3 33. Kc1 c5 34. f4 (34. f4 c4 35. f5 Rc2+ 36. Kb1 Rf2 37. Kc1
Rc2+ (37... Rxf5 38. Rf7 Rg5 39. g7 $18) 38. Kd1 Rxb2 39. f6 c3 $19) 1/2-1/2

[Event "Tan Chin Nam Cup 8th"]
[Site "Qingdao"]
[Date "2002.07.07"]
[Round "7"]
[White "Shabalov, Alexander"]
[Black "Zhang, Pengxiang"]
[Result "1-0"]
[WhiteElo "2624"]
[BlackElo "2550"]
[Annotator "Hecht,H"]
[PlyCount "127"]
[EventDate "2002.07.04"]
[EventType "swiss"]
[EventRounds "9"]
[EventCountry "CHN"]
[SourceTitle "CBM 091"]
[Source "ChessBase"]
[SourceDate "2002.11.12"]
[SourceVersion "1"]
[SourceVersionDate "2002.11.12"]
[SourceQuality "1"]

1. d4 d5 2. c4 c6 3. Nc3 Nf6 4. e3 a6 5. Nf3 b5 6. cxd5 cxd5 7. Bd2 e6 8. Bd3
Bb7 9. O-O Bd6 10. Ne2 Nc6 11. a4 b4 12. a5 Nxa5 13. Qa4+ Nc6 14. Bxb4 Bxb4 15.
Ne5 Qb6 16. Rfc1 Rc8 17. Bxa6 Bxa6 18. Qxa6 Qxa6 19. Rxa6 Ne7 20. Nd3 Bd2 21.
Rxc8+ Nxc8 22. Ng3 Ne4 23. Nf1 Kd8 24. f3 Bxe3+ 25. Nxe3 Ned6 26. Nc2 Re8 27.
Ncb4 Nb5 28. Nc6+ Kc7 29. Ndb4 Ne7 30. Kf2 Nxc6 31. Rxc6+ Kb7 {[#] Annähernd
ausgeglichene Position mit weißen Bauernschwächen, die Schwarz im weiteren
Verlauf zu riskant auf Gewinn spielt und dann verliert.} 32. Ke3 Ra8 33. Rc5
Nd6 34. Kd3 Ra1 35. Nc6 Rd1+ 36. Ke2 Rb1 37. Nd8+ Kb8 38. Rc2 Nb5 39. Rd2 Nd6
40. Rc2 h5 41. Kf2 h4 42. g4 Rd1 43. Kg2 Nb5 44. Nxf7 Nxd4 45. Rc3 Ne2 (45...
Rd2+ 46. Kh3 Rxb2 47. Kxh4 Rxh2+ 48. Kg5 Rh3 49. Ne5 Rh6 50. f4 $11 {z.B.} Ne2
51. Nd7+ Kb7 52. Re3 {[%cal Re3e2,Re3e6,Rd7c5]}) 46. Rb3+ Kc7 47. Kh3 d4 {
Riskant, weil es wegen der schwachen schwarzen Bauern keine echte Gewinnchance
darstellt.} (47... Nd4 $11) (47... Rd2 $11) 48. Kxh4 {Der aktive weiße König
liefert ein beachtliches Gegenargument.} Nc1 49. Ra3 d3 50. Ne5 Kd6 51. f4 Kd5
52. Kg5 d2 53. Ra5+ Ke4 54. Ra4+ Ke3 55. Ra6 Re1 (55... Rh1 56. Nc4+ Kd3 57.
Nxd2 Kxd2 58. Rxe6 Rxh2 59. Re7 $16 {(mindestens!)}) 56. Nc4+ Kd3 57. Nxd2 Kxd2
58. Ra7 Nd3 59. Rxg7 Ke3 (59... Nxb2 $142) 60. f5 $1 exf5 $2 (60... e5 {
war erforderlich}) 61. Re7+ $18 Kd4 62. Rxe1 Nxe1 63. Kxf5 Nf3 64. g5 1-0

[Event "Boskovic Memorial"]
[Site "Belgrade"]
[Date "2000.10.05"]
[Round "3"]
[White "Beliavsky, Alexander G"]
[Black "Ivanovic, Bozidar"]
[Result "1-0"]
[WhiteElo "2654"]
[BlackElo "2476"]
[Annotator "Hecht,H"]
[PlyCount "103"]
[EventDate "2000.10.03"]
[EventType "tourn"]
[EventRounds "9"]
[EventCountry "YUG"]
[EventCategory "14"]
[SourceTitle "CBM 080"]
[Source "ChessBase"]
[SourceDate "2001.01.25"]
[SourceVersion "1"]
[SourceVersionDate "2001.01.25"]
[SourceQuality "1"]

1. d4 d5 2. c4 c6 3. Nf3 Nf6 4. Nc3 a6 5. c5 Bf5 6. Bf4 Nbd7 7. e3 e6 8. Be2 h6
9. O-O Be7 10. b4 O-O 11. h3 Re8 12. Qb3 Ne4 13. Nxe4 Bxe4 14. a4 Bf6 15. Bd6
Bxf3 16. Bxf3 e5 17. e4 dxe4 18. Bxe4 exd4 19. Bg6 Ne5 20. Bxe5 Rxe5 21. Qxf7+
Kh8 22. Qxb7 a5 23. Rae1 axb4 24. Qxb4 Rb8 25. Qd2 Rxc5 26. Qf4 Qf8 27. Bd3 Re8
28. Rxe8 Qxe8 29. Rb1 Re5 30. g3 Re1+ 31. Rxe1 Qxe1+ 32. Kg2 {[#] Starker
a-Freibauer, Mattgefahr. Der dunkle Punkt bei Zug 51} Qe5 33. Qf3 Qc5 (33...
Qe6 34. a5 $18) 34. Qe4 Qd5 $8 (34... Kg8 35. Qe8+ Qf8 36. Bc4+ $18) 35. Qxd5
cxd5 36. a5 Be5 37. a6 Bb8 38. Kf3 Kg8 39. Kg4 Kf7 40. Kh5 Ba7 41. f4 Bc5 42.
g4 Kf6 43. h4 Kf7 44. g5 hxg5 45. fxg5 Ba7 46. Kg4 Ke6 47. h5 Bb8 48. Kf3 Ba7
49. Ke2 Bb8 50. Kd1 Ba7 {[#]} (50... Kd7 51. h6 gxh6 52. gxh6 {könnte die
tatsächliche Zugfolge gewesen sein.} Kc6 $140 53. a7 Bxa7 54. h7 $18) 51. h6 {
Das gewinnt nicht, und ich glaube nicht, dass Beliavsky wirklich so gezogen
hat.} (51. Kc2 $1 Z0 52. Kb3 Z0 53. Ka4 Z0 54. Kb5 Z0 55. Kc6 Z0 56. Kb7 Bc5
57. a7 $18) 51... gxh6 52. gxh6 (52. gxh6 Kf7 53. Kc2 Kg8 54. Kb3 Kh8 55. Ka4
Kg8 56. Kb5 Kh8 57. Kc6 Kg8 58. Kb7 Bc5 59. a7 Bxa7 60. Kxa7 $11) 1-0

[Event "Maribor Pirc Memorial"]
[Site "Maribor"]
[Date "1996.??.??"]
[Round "?"]
[White "Beliavsky, Alexander G"]
[Black "Simic, Dragan"]
[Result "1-0"]
[WhiteElo "2615"]
[BlackElo "2330"]
[Annotator "Hecht,H"]
[PlyCount "82"]
[EventDate "1996.05.??"]
[EventType "tourn"]
[EventRounds "11"]
[EventCountry "SLO"]
[EventCategory "10"]
[SourceTitle "CBM 055"]
[Source "ChessBase"]
[SourceDate "1996.12.01"]
[SourceVersion "1"]
[SourceVersionDate "1996.12.01"]
[SourceQuality "1"]

1. d4 d5 2. c4 c6 3. Nf3 Nf6 4. Nc3 a6 5. Ne5 e6 6. Bg5 Nbd7 7. Qc2 Qa5 8. Nxd7
Bxd7 9. Bxf6 gxf6 10. e3 b5 11. c5 Qc7 12. Bd3 e5 13. Bf5 e4 14. Bxd7+ Qxd7 15.
O-O Bg7 16. f3 f5 17. Qf2 O-O 18. Ne2 Rae8 19. fxe4 fxe4 20. Ng3 Re6 21. Nf5
Rg6 22. Qf4 Kh8 23. Rf2 Bf6 24. g4 {[#]} Rxg4+ 25. Qxg4 Rg8 26. Qxg8+ Kxg8 27.
Raf1 Be7 28. Rg2+ Kf8 29. Nh6 Ke8 30. Rg8+ Bf8 31. Rxf7 Qxf7 32. Nxf7 Kxf7 {
[#] aktiver wT+K gegen passiven sK und wenig beweglichen sL, schwarze
Bauernschwächen} 33. Rg5 a5 34. Rf5+ Kg7 35. Kg2 Be7 36. Kg3 Bd8 37. Kg4 Bc7
38. Rg5+ Kf7 39. Kf5 Bxh2 40. Rh5 Bg1 41. Rxh7+ Kg8 (41... Kg8 42. Rc7 Bxe3 43.
Rxc6 Bxd4 44. Ke6 e3 45. Kxd5 Bxb2 46. Re6 $18) 1-0